Pick up sticks /

Saved in:
Bibliographic Details
Main Author: Lathen, Emma
Format: Book
Language:English
Published: London : Gollancz, 1971.
LEADER 00868nam a2200241 i 4500
001 c000104098
003 CARM
005 00000000000000.0
008 710311r19711970enk 00011 eng d
015 |a B7105879 
019 1 |a 3544626  |5 LACONCORD2021 
020 |a 057500567X :  |c L.1.50 
035 |a (OCoLC)16189241  |5 LACONCORD2021 
100 1 |a Lathen, Emma. 
245 1 0 |a Pick up sticks /  |c Emma Lathen. 
260 |a London :  |b Gollancz,  |c 1971. 
300 |a 224 p. ;  |c 21cm. 
500 |a Fiction in English, 1900-. Texts (BNB/PRECIS) 
500 |a Originally published, New York: Simon & Schuster, 1970. 
852 8 |b CARM  |h A2:AI20G0  |i A02052  |p 0151256  |f BK 
082 0 4 |a 823/.9/1  |2 18 
999 f f |i e6ac9f1e-b98c-519e-a40d-0fc3b222214b  |s 50e70301-f83a-5d23-8c19-2c83aaa7f1af 
952 f f |p Can circulate  |a CAVAL  |b CAVAL  |c CAVAL  |d CARM 1 Store  |e A02052  |f A2:AI20G0  |h Other scheme  |i book  |m 0151256